000 00278nam a22001217a 4500
008 170502b xxu||||| |||| 00| 0 eng d
041 _aeng
080 _a342
100 _a13
101 _aSHJ
245 _aTRAVERSING THE ETHICAL MINEFIELD
_cMARTYN.S.R
942 _2udc
_cBK
999 _c12481
_d12481